Polskie województwa - nagła śmierć - Statystyki

Ogólne statystyki
  • Ten quiz został rozwiązany 71 razy
  • Średni wynik to 15 z 16
Answers on the Grid
Answers color-coded by a green-red scale on the quiz's grid according to % correct below.
Karmelskie
Łódzkie
Warmińsko-mazurskie
Amerykańskie
Pomorskie
Kujawsko-pomorskie
Dużporskie
Mazowieckie
Podlaskie
Lublinskie
Lubelskie
Lubuskie
Małopolskie
Wielkokryk
Wielkopolskie
Zachodnio-pomorskie
Opolskie
Śląskie
Dolnośląskie
Podkarpackie
Kisomporkacje
Opoliskie
Świętokrzyskie
 
Statystyki odpowiedzi
Odpowiedź % Poprawnych
Kujawsko-pomorskie
97%
Łódzkie
97%
Pomorskie
97%
Warmińsko-mazurskie
97%
Podlaskie
95%
Lubuskie
94%
Mazowieckie
94%
Wielkopolskie
94%
Lubelskie
92%
Małopolskie
92%
Podkarpackie
90%
Śląskie
90%
Zachodnio-pomorskie
90%
Dolnośląskie
89%
Opolskie
89%
Świętokrzyskie
89%
Nie znaleziono quizów pasujących do podanych kryteriów
Rozkład punktacji
Procent ludzi z każdym wynikiem
Percentyl według liczby udzielonych odpowiedzi
Twoja historia wyników
Nie rozwiązałeś tego quizu